[Event "Can't Get Enough Kings Gambit "]
[Site "SchemingMind.com"]
[Date "2008.02.13"]
[Round "-"]
[White "Carl Lenox"]
[Black "pardesi"]
[Result "0-1"]
[WhiteCountry "CAN"]
[BlackCountry "USA"]
[WhiteElo "1193"]
[WhiteRD "94"]
[BlackElo "1514"]
[BlackRD "62"]
[GameID "141671"]

1. e4 e5 2. f4 exf4 3. d3 g5 4. b3 d6 5. Nc3 Nf6 6. g3 Bg4 7. Be2 Bxe2 8. Qxe2 Bg7 9. Nf3 Ng4 10. h3 Bxc3+
11. Kd1 Bxa1 12. h4 Ne3+ 13. Kd2 Qf6 14. hxg5 Qc3#
0-1

[Event "Can't Get Enough Kings Gambit "]
[Site "SchemingMind.com"]
[Date "2008.02.13"]
[Round "-"]
[White "pardesi"]
[Black "Carl Lenox"]
[Result "1-0"]
[WhiteCountry "USA"]
[BlackCountry "CAN"]
[WhiteElo "1514"]
[WhiteRD "62"]
[BlackElo "1193"]
[BlackRD "94"]
[GameID "141672"]

1. e4 e5 2. f4 d6 3. Bc4 b6 4. Nf3 Be7 5. O-O Nc6 6. c3 f6 7. d4 Nh6 8. d5 Na5 9. Bb5+ Kf7 10. Nh4 Bg4
11. Qd3 Rc8 12. f5 g6 13. b4 Nb7 14. Bxh6 g5 15. Nf3 a5 16. h3 Bh5 17. g4 Bg6 18. h4 a4 19. hxg5 c5 20. gxf6 Kxf6
21. fxg6 Kxg6 22. g5 Ra8 23. Qe2 a3 24. Nh4#
1-0

[Event "Can't Get Enough Kings Gambit "]
[Site "SchemingMind.com"]
[Date "2008.02.16"]
[Round "-"]
[White "saxondom"]
[Black "pardesi"]
[Result "1-0"]
[WhiteCountry "HUN"]
[BlackCountry "USA"]
[WhiteElo "1430"]
[WhiteRD "73"]
[BlackElo "1406"]
[BlackRD "59"]
[GameID "142229"]

1. e4 e5 2. f4 exf4 3. Nf3 d6 4. d4 g5 5. h4 g4 6. Ng1 Bh6 7. Nc3 Nc6 8. Nge2 Qe7 9. Bxf4 Bxf4 10. Nxf4 Nf6
11. Bb5 Bd7 12. Qd3 Nb4 13. Qc4 Nxc2+ 14. Kd2 Nxa1 15. e5 Bxb5 16. Qxb5+ Qd7 17. Qxb7 Qc8 18. Qc6+ Nd7 19. Ncd5 Kd8 20. Nxc7
1-0

[Event "Can't Get Enough Kings Gambit "]
[Site "SchemingMind.com"]
[Date "2008.02.17"]
[Round "-"]
[White "Carl Lenox"]
[Black "saxondom"]
[Result "0-1"]
[WhiteCountry "CAN"]
[BlackCountry "HUN"]
[WhiteElo "1211"]
[WhiteRD "78"]
[BlackElo "1330"]
[BlackRD "90"]
[GameID "142232"]

1. e4 e5 2. f4 d5 3. d3 dxe4 4. b3 Bb4+ 5. c3 Qh4+ 6. g3 Qe7 7. a3 Nc6 8. axb4 Nxb4 9. Ba3 Bf5 10. cxb4 exd3
11. b5 Qd7 12. Nc3 Nf6 13. Nf3 Be4 14. Bg2 c6 15. O-O cxb5 16. Nxb5 Qxb5 17. Bd6 a6 18. Rb1 Qb6+ 19. Kh1 Qxd6 20. f5 O-O
21. b4 b5 22. Qb3 a5 23. Rfe1 Ng4 24. Rxe4 Nf2+ 25. Kg1 Nxe4 26. Re1 Nc5 27. Qa2 e4 28. Ng5 Qd4+ 29. Kh1 d2 30. Rd1 Nb3
31. Qxb3 e3 32. bxa5 e2 33. Qb1 Rxa5 34. Nf3 Ra1 35. Qxa1 Qxa1 36. Rxa1 d1=Q+ 37. Rxd1 exd1=Q+ 38. Ng1 Re8 39. Bf3 Qe1 40. g4 Rd8
41. f6 Rc8 42. g5 Rc1 43. Kg2 Qxg1+ 44. Kh3 Rc3 45. Kh4 Qf2+ 46. Kg4 Qxf3+ 47. Kh4 Qh3#
0-1

[Event "Can't Get Enough Kings Gambit "]
[Site "SchemingMind.com"]
[Date "2008.02.17"]
[Round "-"]
[White "Raimondi"]
[Black "pardesi"]
[Result "0-1"]
[WhiteCountry "PER"]
[BlackCountry "USA"]
[WhiteElo "1606"]
[WhiteRD "68"]
[BlackElo "1573"]
[BlackRD "63"]
[GameID "142336"]

1. e4 e5 2. f4 exf4 3. Nf3 d6 4. Bc4 g5 5. h4 gxh4 6. Nxh4 Bh6 7. Qh5 Qe7 8. O-O Qg5 9. Qxf7+ Kd8 10. Nf5 Bxf5
11. exf5 Nc6 12. Be6 Ne5 13. Qxg8+ Rxg8 14. Bxg8 Qxg8 15. d3 f3 16. Kf2 Qxg2+
0-1

[Event "Can't Get Enough Kings Gambit "]
[Site "SchemingMind.com"]
[Date "2008.02.17"]
[Round "-"]
[White "Raimondi"]
[Black "saxondom"]
[Result "1-0"]
[WhiteCountry "PER"]
[BlackCountry "HUN"]
[WhiteElo "1628"]
[WhiteRD "73"]
[BlackElo "1387"]
[BlackRD "99"]
[GameID "142337"]

1. e4 e5 2. f4 exf4 3. Nf3 Be7 4. Bc4 Bh4+ 5. g3 fxg3 6. O-O gxh2+ 7. Kh1 d6 8. d4 Bg3 9. Ng5 Bh3 10. Qh5 Bxf1
11. Qxf7#
1-0

[Event "Can't Get Enough Kings Gambit "]
[Site "SchemingMind.com"]
[Date "2008.02.17"]
[Round "-"]
[White "Raimondi"]
[Black "Carl Lenox"]
[Result "1-0"]
[WhiteCountry "PER"]
[BlackCountry "CAN"]
[WhiteElo "1628"]
[WhiteRD "73"]
[BlackElo "1193"]
[BlackRD "94"]
[GameID "142338"]

1. e4 e5 2. f4 d6 3. Nf3 Nc6 4. Bc4 Nf6 5. Nc3 g6 6. O-O b6 7. fxe5 Ng4 8. exd6 cxd6 9. d4 h5 10. Ng5 Bg7
11. Bxf7+ Kf8 12. Bxg6+ Kg8 13. Bf7+ Kf8 14. Bxh5+ Nf6 15. e5 dxe5 16. Nf7 Qe7 17. Nxh8 Bxh8 18. Nd5 Qe6 19. dxe5 Ba6 20. Bh6+ Bg7
21. Rxf6+ Kg8 22. Rxe6 Nd8 23. Bxg7 Nxe6 24. Nf6+ Kxg7 25. Qg4+ Kh8 26. Qg6 Ng7 27. Qh7#
1-0

[Event "Can't Get Enough Kings Gambit "]
[Site "SchemingMind.com"]
[Date "2008.02.17"]
[Round "-"]
[White "pardesi"]
[Black "Raimondi"]
[Result "0-1"]
[WhiteCountry "USA"]
[BlackCountry "PER"]
[WhiteElo "1406"]
[WhiteRD "59"]
[BlackElo "1646"]
[BlackRD "70"]
[GameID "142339"]

1. e4 e5 2. f4 exf4 3. Bc4 Qh4+ 4. Kf1 b5 5. Bxb5 Nf6 6. d3 Bc5 7. Nh3 Nc6 8. Bxf4 O-O 9. Bxc7 Ng4 10. Bg3 Ne3+
11. Ke2 Nd4+ 12. Kd2 Nxd1 13. Bxh4 Nxb2 14. Bc4 Nxc4+ 15. dxc4 Bb7 16. c3 Ne6 17. Re1 Rfe8 18. e5 Bxg2 19. Ng1 Nf4 20. Kc2 Ng6
21. Bg3 Re6 22. Nd2 Bc6 23. Ngf3 Rae8
0-1

[Event "Can't Get Enough Kings Gambit "]
[Site "SchemingMind.com"]
[Date "2008.02.17"]
[Round "-"]
[White "saxondom"]
[Black "Raimondi"]
[Result "0-1"]
[WhiteCountry "HUN"]
[BlackCountry "PER"]
[WhiteElo "1330"]
[WhiteRD "90"]
[BlackElo "1606"]
[BlackRD "68"]
[GameID "142340"]

1. e4 e5 2. f4 exf4 3. Nf3 g5 4. h4 g4 5. Ne5 Nf6 6. Bc4 d5 7. exd5 Bd6 8. d4 f3 9. gxf3 gxf3 10. Qxf3 Rg8
11. Bg5 Be7 12. Nxf7 Kxf7 13. d6+ Be6 14. dxe7 Qxe7 15. Bxf6 Qxf6 16. Bxe6+ Kxe6 17. d5+ Ke7 18. Qxf6+ Kxf6 19. Rf1+ Ke5 20. c4 Kd6
21. Rf6+ Ke7 22. Re6+ Kf7 23. Nd2 Nd7 24. Nf3 Rg7 25. Ne5+ Nxe5 26. Rxe5 Rg1+ 27. Kf2 Rxa1 28. Rf5+ Kg7 29. h5 Rf8 30. h6+ Kg8
31. Rf3 Rxf3+ 32. Kxf3 Rxa2 33. Ke4 Rxb2 34. Ke5 Rc2 35. Kd4 Kf7 36. Kc5 Kg6
0-1

[Event "Can't Get Enough Kings Gambit "]
[Site "SchemingMind.com"]
[Date "2008.02.17"]
[Round "-"]
[White "Carl Lenox"]
[Black "Raimondi"]
[Result "0-1"]
[WhiteCountry "CAN"]
[BlackCountry "PER"]
[WhiteElo "1211"]
[WhiteRD "78"]
[BlackElo "1606"]
[BlackRD "68"]
[GameID "142341"]

1. e4 e5 2. f4 exf4 3. Qf3 Qh4+ 4. Ke2 Nc6 5. g3 fxg3 6. h3 Nd4+ 7. Ke1 Nxf3+ 8. Kd1 Qxe4 9. Be2 Nxg1 10. Rxg1 Nf6
11. d3 Qe5 12. Re1 Be7 13. Nc3 d5 14. Rf1 Bxh3 15. Rf3 Bg4 16. Bf4 Qh5 17. Rf2 Bxe2+ 18. Rxe2 g2 19. Kd2 O-O-O 20. Rxg2 Rhg8
21. Nb5 Ne8 22. Re1 Bd6 23. Be3 f5 24. Nxa7+ Kb8 25. Nb5 Nf6 26. Rf1 Ng4 27. Nd4 Nxe3 28. Kxe3 Rde8+ 29. Kd2 f4 30. Nf3 g5
31. a4 Qh6 32. Nd4 g4 33. Nf5 Qf6 34. Rh1 Qxf5 35. Rf1 h5 36. Kc1 Re3 37. Kd2 Rge8 38. Kc1 Re1+ 39. Rxe1 Rxe1+ 40. Kd2 Qe5
41. d4 Qe3#
0-1

[Event "Can't Get Enough Kings Gambit "]
[Site "SchemingMind.com"]
[Date "2008.02.20"]
[Round "-"]
[White "Rotceh"]
[Black "Raimondi"]
[Result "1-0"]
[WhiteCountry "MEX"]
[BlackCountry "PER"]
[WhiteElo "1603"]
[WhiteRD "72"]
[BlackElo "1606"]
[BlackRD "68"]
[GameID "142369"]

1. e4 e5 2. f4 exf4 3. Nf3 g5 4. h4 g4 5. Ng1 Bc5 6. d4 Bb6 7. Qxg4 Bxd4 8. Bxf4 d6 9. Qg5 Bf6 10. Qb5+ Nc6
11. Na3 Qd7 12. O-O-O Ne5 13. Qxd7+ Bxd7 14. Be2 O-O-O 15. Bxe5 Bxe5 16. Nf3 f6 17. Nxe5 fxe5 18. Rdf1 Nh6 19. Rhg1 Ng4 20. Bxg4 Bxg4
21. Nb5 a6 22. Nc3 Rdf8 23. Nd5 Be6 24. Ne3 Rf7 25. Rxf7 Bxf7 26. Nf5 Bg6 27. g4 Be8 28. Kd2 Kd7 29. h5 Rg8 30. h6 Rg6
31. g5 Ke6 32. Ke3 Bd7 33. Nh4 Rg8 34. g6
1-0

[Event "Can't Get Enough Kings Gambit "]
[Site "SchemingMind.com"]
[Date "2008.02.17"]
[Round "-"]
[White "Rotceh"]
[Black "pardesi"]
[Result "1-0"]
[WhiteCountry "MEX"]
[BlackCountry "USA"]
[WhiteElo "1619"]
[WhiteRD "70"]
[BlackElo "1406"]
[BlackRD "59"]
[GameID "142370"]

1. e4 e5 2. f4 exf4 3. Nf3 d6 4. d4 g5 5. h4 g4 6. Ng1 Bh6 7. Nc3 g3 8. Qf3 Nc6 9. Bb5 Bd7 10. Bxc6 Bxc6
11. d5 Bd7 12. Bxf4 Qf6 13. Bxh6 Qxf3 14. gxf3 O-O-O 15. Bf4 Ne7 16. Bxg3 Rhg8 17. Nge2 f5 18. O-O-O
1-0

[Event "Can't Get Enough Kings Gambit "]
[Site "SchemingMind.com"]
[Date "2008.02.20"]
[Round "-"]
[White "Rotceh"]
[Black "saxondom"]
[Result "1-0"]
[WhiteCountry "MEX"]
[BlackCountry "HUN"]
[WhiteElo "1619"]
[WhiteRD "70"]
[BlackElo "1430"]
[BlackRD "73"]
[GameID "142371"]

1. e4 e5 2. f4 exf4 3. Nf3 d6 4. d4 g5 5. h4 g4 6. Ng1 Bh6 7. Nc3 Nc6 8. Nge2 f3 9. Bxh6 Nf6 10. gxf3 gxf3
11. Ng3 Bg4 12. Qd2 Qe7 13. O-O-O O-O-O 14. Bg5 h6 15. Bxh6 Nb4 16. Bg5 d5 17. e5 f2 18. Bxf6 Bxd1 19. Bxe7 Rd7 20. Bxb4 Bf3
21. Rh2 a6 22. Qxf2 Bg4 23. Bh3 Bxh3 24. Rxh3 b6 25. Qf6 Rh7 26. Nxd5 Rxd5 27. Qf5+ Kb8 28. Qxh7 Rxd4 29. e6 Rxb4 30. exf7
1-0

[Event "Can't Get Enough Kings Gambit "]
[Site "SchemingMind.com"]
[Date "2008.02.17"]
[Round "-"]
[White "Rotceh"]
[Black "Carl Lenox"]
[Result "1-0"]
[WhiteCountry "MEX"]
[BlackCountry "CAN"]
[WhiteElo "1603"]
[WhiteRD "72"]
[BlackElo "1211"]
[BlackRD "78"]
[GameID "142372"]

1. e4 e5 2. f4 Qh4+ 3. g3 Qe7 4. Nc3 d6 5. Nf3 Nf6 6. f5 b6 7. Bb5+ c6 8. Ba4 Ba6 9. d3 b5 10. Bb3 Nbd7
11. a3 d5 12. exd5 cxd5 13. Nxd5 Qc5 14. Nxf6+ gxf6 15. d4 Qc6 16. dxe5 fxe5 17. Bd5 Qc8 18. Bxa8 Qxa8 19. Be3 b4 20. axb4 Bxb4+
21. c3 Ba5 22. Rxa5 Nb8 23. Rxe5+ Kf8 24. Bh6+ Kg8 25. Re8#
1-0

[Event "Can't Get Enough Kings Gambit "]
[Site "SchemingMind.com"]
[Date "2008.02.17"]
[Round "-"]
[White "Raimondi"]
[Black "Rotceh"]
[Result "0-1"]
[WhiteCountry "PER"]
[BlackCountry "MEX"]
[WhiteElo "1606"]
[WhiteRD "68"]
[BlackElo "1603"]
[BlackRD "72"]
[GameID "142373"]

1. e4 e5 2. f4 Bc5 3. Nf3 d6 4. c3 Nf6 5. d4 exd4 6. cxd4 Bb4+ 7. Bd2 Nc6 8. e5 Bxd2+ 9. Nbxd2 dxe5 10. fxe5 Ng4
11. Ne4 Ne3 12. Qd3 Nxf1 13. Rxf1 Bg4 14. Ned2 O-O 15. Kf2 f6 16. Kg1 fxe5 17. Qc4+ Rf7 18. Nxe5 Nxe5 19. dxe5 Qe7 20. Rf4 Be6
21. Qe4 Qc5+ 22. Kh1 Bd5 23. Qd4 Qxd4 24. Rxd4 c6 25. a3 a5 26. Nc4 Raf8 27. Kg1 Rf2 28. Ne3 Bb3 29. Rd7 b5 30. Rc7 Re2
31. Nf1 Bd5
0-1

[Event "Can't Get Enough Kings Gambit "]
[Site "SchemingMind.com"]
[Date "2008.02.17"]
[Round "-"]
[White "pardesi"]
[Black "Rotceh"]
[Result "0-1"]
[WhiteCountry "USA"]
[BlackCountry "MEX"]
[WhiteElo "1406"]
[WhiteRD "59"]
[BlackElo "1619"]
[BlackRD "70"]
[GameID "142374"]

1. e4 e5 2. f4 Bc5 3. Nf3 d6 4. c3 Nf6 5. Bc4 Nxe4 6. d4 Bb6 7. Be3 Nc6 8. O-O Bg4 9. h3 exd4 10. cxd4 Bf5
11. Ng5 Nxg5 12. fxg5 Bg6 13. Qb3 O-O 14. Nd2 Nxd4 15. Bxd4 Bxd4+ 16. Kh1 Qxg5 17. Rae1 Qxd2
0-1

[Event "Can't Get Enough Kings Gambit "]
[Site "SchemingMind.com"]
[Date "2008.02.17"]
[Round "-"]
[White "saxondom"]
[Black "Rotceh"]
[Result "0-1"]
[WhiteCountry "HUN"]
[BlackCountry "MEX"]
[WhiteElo "1423"]
[WhiteRD "79"]
[BlackElo "1561"]
[BlackRD "70"]
[GameID "142375"]

1. e4 e5 2. f4 Bc5 3. Nf3 d6 4. c3 Nf6 5. d4 exd4 6. cxd4 Bb4+ 7. Bd2 Bxd2+ 8. Nbxd2 Bg4 9. Qa4+ Qd7 10. Qxd7+ Nbxd7
11. Bb5 c6 12. h3 Bxf3 13. Nxf3 cxb5 14. Rc1 Nxe4 15. O-O O-O 16. Rc7 Ndf6 17. Rxb7 a6 18. Re7 Rfe8 19. Rc7 Ng3 20. Re1 Rxe1+
21. Nxe1 Ne2+ 22. Kf2 Nxf4 23. g3 Nxh3+ 24. Kf3 Ng5+ 25. Kf4 Nd5+ 26. Kxg5 Nxc7 27. b4 Ne6+ 28. Kf5 Nxd4+ 29. Ke4 Re8+ 30. Kxd4 Rxe1
31. Kd5 f5 32. Kxd6 Re3 33. Kc6 Rxg3
0-1

[Event "Can't Get Enough Kings Gambit "]
[Site "SchemingMind.com"]
[Date "2008.02.17"]
[Round "-"]
[White "Carl Lenox"]
[Black "Rotceh"]
[Result "0-1"]
[WhiteCountry "CAN"]
[BlackCountry "MEX"]
[WhiteElo "1211"]
[WhiteRD "78"]
[BlackElo "1603"]
[BlackRD "72"]
[GameID "142376"]

1. e4 e5 2. f4 Bc5 3. Nf3 d6 4. Nc3 Nf6 5. d3 Nc6 6. g3 Bg4 7. Be2 Bxf3 8. Bxf3 Nd4 9. b3 Bb4 10. Be3 Nxf3+
11. Qxf3 Bxc3+ 12. Kd1 Bxa1 13. Kd2 Bb2 14. Rb1 Ba3 15. b4 a5 16. d4 Bxb4+ 17. Kd1 exd4 18. Bxd4 Qe7 19. e5 dxe5 20. fxe5 Rb8
21. exf6 Qe1#
0-1

[Event "Can't Get Enough Kings Gambit "]
[Site "SchemingMind.com"]
[Date "2008.02.21"]
[Round "-"]
[White "dtedesco"]
[Black "Raimondi"]
[Result "0-1"]
[WhiteCountry "CAN"]
[BlackCountry "PER"]
[WhiteElo "1336"]
[WhiteRD "55"]
[BlackElo "1628"]
[BlackRD "73"]
[GameID "142891"]

1. e4 e5 2. f4 exf4 3. Nf3 g5 4. h4 g4 5. Ne5 Bg7 6. Nxg4 d5 7. b3 Bxa1 8. d3 dxe4 9. Bd2 e3 10. Bc3 Bxc3+
11. Nxc3 Nf6 12. Nh6 Be6 13. Qf3 Qd4 14. Nb5 Qb4+ 15. Kd1 Qd2#
0-1

[Event "Can't Get Enough Kings Gambit "]
[Site "SchemingMind.com"]
[Date "2008.02.21"]
[Round "-"]
[White "dtedesco"]
[Black "pardesi"]
[Result "1-0"]
[WhiteCountry "CAN"]
[BlackCountry "USA"]
[WhiteElo "1437"]
[WhiteRD "51"]
[BlackElo "1406"]
[BlackRD "59"]
[GameID "142892"]

1. e4 e5 2. f4 exf4 3. Nf3 d6 4. Bc4 g5 5. h3 Nf6 6. d3 Bh6 7. b3 Be6 8. Bb2 Bxc4 9. dxc4 O-O 10. Nc3 Qe7
11. Qe2 Nc6 12. O-O-O Nh5 13. Nd5 Qe6 14. Rhe1
1-0

[Event "Can't Get Enough Kings Gambit "]
[Site "SchemingMind.com"]
[Date "2008.02.21"]
[Round "-"]
[White "dtedesco"]
[Black "Rotceh"]
[Result "0-1"]
[WhiteCountry "CAN"]
[BlackCountry "MEX"]
[WhiteElo "1336"]
[WhiteRD "55"]
[BlackElo "1545"]
[BlackRD "70"]
[GameID "142893"]

1. e4 e5 2. f4 Bc5 3. Nf3 d6 4. Bc4 Nc6 5. Nc3 Bg4 6. d3 Nd4 7. h3 Nxf3+ 8. Kf1 Nh2+ 9. Rxh2 Bxd1 10. f5 Bh5
11. g4 Nf6 12. gxh5 Nxh5 13. Bd2 Qh4 14. Nd1 Ng3+ 15. Kg2 Nxe4 16. dxe4 Qxe4+ 17. Kf1 Qxc4+
0-1

[Event "Can't Get Enough Kings Gambit "]
[Site "SchemingMind.com"]
[Date "2008.02.21"]
[Round "-"]
[White "dtedesco"]
[Black "saxondom"]
[Result "1/2-1/2"]
[WhiteCountry "CAN"]
[BlackCountry "HUN"]
[WhiteElo "1437"]
[WhiteRD "51"]
[BlackElo "1430"]
[BlackRD "73"]
[GameID "142894"]

1. e4 e5 2. f4 exf4 3. Nf3 Be7 4. Bc4 Nf6 5. Ng5 d5 6. exd5 O-O 7. d3 Bd6 8. Nc3 Re8+ 9. Nge4 Bg4 10. Qd2 f3
11. Qf2 c6 12. dxc6 bxc6 13. gxf3 Qa5 14. Bd2 Nbd7 15. a3 Rab8 16. O-O-O Bxa3 17. Na2 Bxb2+ 18. Kb1 Bc3+ 19. Bb3 Rxe4 20. Bxc3 Qa4
21. dxe4 Be6 22. Ka1 Bxb3 23. cxb3 Rxb3 24. Rd3 Qc4 25. Qxa7 h6 26. Rxd7 Nxd7 27. Qxd7 Ra3 28. Qd2 Qc5 29. Rc1 f5 30. Bxg7 Qe7
31. Bxh6 Qf6+ 32. Rc3 Ra4 33. exf5 Kh7 34. Be3 Qxf5 35. Rxc6 Qe5+ 36. Kb1 Qb5+ 37. Ka1 Qxc6 38. f4 Qf6+ 39. Kb1 Qf5+ 40. Kb2 Qb5+
41. Ka1 Qf1+ 42. Qc1 Qe2 43. Qc7+ Kg8 44. Qc8+ Kf7 45. Qc7+ Ke6 46. Qc6+ Kf5 47. Qxa4 Qxe3 48. Nb4 Qg1+ 49. Ka2 Qxh2+ 50. Kb3 Kxf4
51. Nd5+ Kf3 52. Qd4 Qg3 53. Kc3 Kg2+ 54. Kc4 Qf2= 55. Nf4+ Kf3 56. Nd3 Qxd4+ 57. Kxd4
1/2-1/2

[Event "Can't Get Enough Kings Gambit "]
[Site "SchemingMind.com"]
[Date "2008.02.21"]
[Round "-"]
[White "dtedesco"]
[Black "Carl Lenox"]
[Result "1-0"]
[WhiteCountry "CAN"]
[BlackCountry "CAN"]
[WhiteElo "1336"]
[WhiteRD "55"]
[BlackElo "1193"]
[BlackRD "94"]
[GameID "142895"]

1. e4 e5 2. f4 d6 3. Nf3 c6 4. fxe5 Qa5 5. exd6 Bxd6 6. Nc3 Nf6 7. Bc4 a6 8. Ng5 b5 9. Nxf7 Bb4 10. Nxh8 Kf8
11. Bb3 Ng8 12. Rf1+ Nf6 13. Qh5 Qc7 14. d3 Ke7 15. Qf7+ Kd8 16. Bf4 Qb6 17. Qxg7 Qe3+ 18. Kd1 Qd4 19. Bc7+ Ke8 20. Qf7#
1-0

[Event "Can't Get Enough Kings Gambit "]
[Site "SchemingMind.com"]
[Date "2008.02.21"]
[Round "-"]
[White "Raimondi"]
[Black "dtedesco"]
[Result "1-0"]
[WhiteCountry "PER"]
[BlackCountry "CAN"]
[WhiteElo "1628"]
[WhiteRD "73"]
[BlackElo "1336"]
[BlackRD "55"]
[GameID "142896"]

1. e4 e5 2. f4 exf4 3. Nf3 Be7 4. Bc4 Nf6 5. e5 Ng4 6. O-O Nc6 7. d4 d5 8. Bd3 g5 9. a3 Nh6 10. Nbd2 Bg4
11. Qe1 Qd7 12. b4 O-O-O 13. Bb2 Rhe8 14. b5 Na5 15. Bc3 Bf8 16. Bxa5 b6 17. Bc3 Qe7 18. a4 Bxf3 19. Nxf3 f6 20. a5 bxa5
21. Rxa5 c6 22. bxc6 fxe5 23. Ba6+ Kb8 24. Qb1+ Kc7 25. dxe5 Nf5 26. Qb7#
1-0

[Event "Can't Get Enough Kings Gambit "]
[Site "SchemingMind.com"]
[Date "2008.02.21"]
[Round "-"]
[White "pardesi"]
[Black "dtedesco"]
[Result "0-1"]
[WhiteCountry "USA"]
[BlackCountry "CAN"]
[WhiteElo "1406"]
[WhiteRD "59"]
[BlackElo "1437"]
[BlackRD "51"]
[GameID "142897"]

1. e4 e5 2. f4 exf4 3. Bc4 Qh4+ 4. Kf1 Nf6 5. Nf3 Qg4 6. d4 Nxe4 7. Qe1 f5 8. Nc3 b6 9. Bd5 Nc6 10. Nb5 Bd6
11. c4 Kd8 12. Nxd6 cxd6 13. b3 Re8 14. Qh4+ Qxh4
0-1

[Event "Can't Get Enough Kings Gambit "]
[Site "SchemingMind.com"]
[Date "2008.02.21"]
[Round "-"]
[White "Rotceh"]
[Black "dtedesco"]
[Result "1-0"]
[WhiteCountry "MEX"]
[BlackCountry "CAN"]
[WhiteElo "1545"]
[WhiteRD "70"]
[BlackElo "1336"]
[BlackRD "55"]
[GameID "142898"]

1. e4 e5 2. f4 Bc5 3. Nf3 d6 4. Bc4 Nc6 5. c3 Nf6 6. Qc2 Bg4 7. Ng5 h6 8. Nxf7 Qe7 9. Nxh8 Nh5 10. Ng6 Qf6
11. f5 Nf4 12. d4 Nxg6 13. dxc5 Nh4 14. cxd6 Nxg2+ 15. Qxg2 h5 16. dxc7 Rc8 17. h3 Qh4+ 18. Kf1 Bf3 19. Qg6+ Kf8 20. Qf7#
1-0

[Event "Can't Get Enough Kings Gambit "]
[Site "SchemingMind.com"]
[Date "2008.02.21"]
[Round "-"]
[White "Carl Lenox"]
[Black "dtedesco"]
[Result "0-1"]
[WhiteCountry "CAN"]
[BlackCountry "CAN"]
[WhiteElo "1193"]
[WhiteRD "94"]
[BlackElo "1336"]
[BlackRD "55"]
[GameID "142900"]

1. e4 e5 2. f4 d5 3. d3 Nf6 4. Nc3 Nc6 5. Nxd5 Nxd5 6. Nf3 Bg4 7. h3 Bh5 8. g4 Nxf4 9. gxh5 Nxh5 10. c3 g6
11. d4 Bg7 12. h4 O-O 13. Bc4 Qe7 14. Ng5 Ng3 15. Rg1 Nxe4 16. Nxe4 Qxh4+ 17. Ng3 Rad8 18. d5 Ne7 19. Be3 Nf5 20. Qf3 e4
21. Qxe4 Qh2 22. Kf1 Nxg3+ 23. Rxg3 Qxg3 24. Bxa7 Rfe8 25. Qc2 Re5 26. Bf2 Qh3+ 27. Kg1 Rg5+ 28. Bg3 Qxg3+ 29. Kf1 Re8 30. d6 Rf5+
31. Qf2 Rxf2#
0-1

[Event "Can't Get Enough Kings Gambit "]
[Site "SchemingMind.com"]
[Date "2008.03.04"]
[Round "-"]
[White "yozzer"]
[Black "Raimondi"]
[Result "1-0"]
[WhiteCountry "GBR"]
[BlackCountry "PER"]
[WhiteElo "1844"]
[WhiteRD "127"]
[BlackElo "1606"]
[BlackRD "68"]
[GameID "144580"]

1. e4 e5 2. f4 exf4 3. Nf3 d6 4. d4 g5 5. h4 g4 6. Ng1 Qf6 7. Nc3 Ne7 8. Bc4 Nbc6 9. Nb5 Kd8 10. e5 Qh6
11. Ne2 dxe5 12. dxe5+ Bd7 13. Bxf4 Qg6 14. Nxc7 Rc8 15. Bxf7
1-0

[Event "Can't Get Enough Kings Gambit "]
[Site "SchemingMind.com"]
[Date "2008.03.04"]
[Round "-"]
[White "yozzer"]
[Black "Rotceh"]
[Result "1-0"]
[WhiteCountry "GBR"]
[BlackCountry "MEX"]
[WhiteElo "1922"]
[WhiteRD "107"]
[BlackElo "1619"]
[BlackRD "70"]
[GameID "144582"]

1. e4 e5 2. f4 Bc5 3. Nf3 d6 4. Nc3 Nf6 5. Bc4 Nc6 6. d3 Bg4 7. Na4 O-O 8. c3 a6 9. Nxc5 dxc5 10. O-O Qe7
11. Bd5 Nd8 12. fxe5 Nxd5 13. exd5 Bxf3 14. Qxf3 Qxe5 15. Bf4 Qe7 16. Qg3 Kh8 17. Bxc7 Rc8 18. Bd6
1-0

[Event "Can't Get Enough Kings Gambit "]
[Site "SchemingMind.com"]
[Date "2008.03.04"]
[Round "-"]
[White "yozzer"]
[Black "saxondom"]
[Result "1-0"]
[WhiteCountry "GBR"]
[BlackCountry "HUN"]
[WhiteElo "1844"]
[WhiteRD "127"]
[BlackElo "1330"]
[BlackRD "90"]
[GameID "144583"]

1. e4 e5 2. f4 Bc5 3. Nf3 d6 4. Nc3 Nc6 5. Bc4 Nf6 6. d3 Bg4 7. Na4 d5 8. exd5 b6 9. dxc6 Bb4+ 10. c3 Bc5
11. Nxc5 bxc5 12. fxe5 O-O 13. exf6 Qe8+ 14. Kf2 Qd8 15. fxg7 Kxg7 16. Qe2 Re8 17. Qd2 Qf6 18. Qf4 Qe7 19. Qxg4+ Kf8 20. Bh6#
1-0

[Event "Can't Get Enough Kings Gambit "]
[Site "SchemingMind.com"]
[Date "2008.03.04"]
[Round "-"]
[White "yozzer"]
[Black "dtedesco"]
[Result "1-0"]
[WhiteCountry "GBR"]
[BlackCountry "CAN"]
[WhiteElo "1922"]
[WhiteRD "107"]
[BlackElo "1437"]
[BlackRD "51"]
[GameID "144584"]

1. e4 e5 2. f4 exf4 3. Nf3 g5 4. h4 g4 5. Ng5 h6 6. Nxf7 Kxf7 7. Qxg4 Bd6 8. Bc4+ Kf8 9. d4 Qe7 10. e5 Nc6
11. O-O Bxe5 12. dxe5 d6 13. Qg6 dxe5 14. Bxf4 Qc5+ 15. Be3+ Ke7 16. Bxc5+ Kd8 17. Rf8+ Kd7 18. Qe8#
1-0

[Event "Can't Get Enough Kings Gambit "]
[Site "SchemingMind.com"]
[Date "2008.03.04"]
[Round "-"]
[White "yozzer"]
[Black "Carl Lenox"]
[Result "1-0"]
[WhiteCountry "GBR"]
[BlackCountry "CAN"]
[WhiteElo "1844"]
[WhiteRD "127"]
[BlackElo "1211"]
[BlackRD "78"]
[GameID "144585"]

1. e4 e5 2. f4 f6 3. d3 Nc6 4. a3 Bc5 5. Nf3 d5 6. exd5 Nge7 7. dxc6 Bf5 8. cxb7 Rb8 9. fxe5 fxe5 10. Nxe5 Qd5
11. d4 Bxd4 12. Nf3 Nc6 13. Nc3 Qe6+ 14. Qe2 Be4 15. Nxe4 Rg8 16. Nf6+ gxf6 17. Qxe6+ Ne7 18. Bb5+ Kd8 19. Qd7#
1-0

[Event "Can't Get Enough Kings Gambit "]
[Site "SchemingMind.com"]
[Date "2008.03.03"]
[Round "-"]
[White "Raimondi"]
[Black "yozzer"]
[Result "0-1"]
[WhiteCountry "PER"]
[BlackCountry "GBR"]
[WhiteElo "1606"]
[WhiteRD "68"]
[BlackElo "1844"]
[BlackRD "127"]
[GameID "144586"]

1. e4 e5 2. f4 exf4 3. Nf3 d6 4. d4 g5 5. h4 g4 6. Ng5 f6 7. Nh3 gxh3 8. Qh5+ Ke7 9. Bc4 Qe8 10. Qf3 Qg6
11. O-O Bg4 12. Qxf4 Be6 13. Rf2 Bxc4 14. e5 Nc6 15. exd6+ Kf7 16. dxc7 Bh6 17. Qd6 Bxc1 18. Nd2 Bxb2
0-1

[Event "Can't Get Enough Kings Gambit "]
[Site "SchemingMind.com"]
[Date "2008.03.03"]
[Round "-"]
[White "Rotceh"]
[Black "yozzer"]
[Result "0-1"]
[WhiteCountry "MEX"]
[BlackCountry "GBR"]
[WhiteElo "1619"]
[WhiteRD "70"]
[BlackElo "1922"]
[BlackRD "107"]
[GameID "144588"]

1. e4 e5 2. f4 exf4 3. Nf3 d6 4. d4 g5 5. h4 g4 6. Ng1 f5 7. Nc3 Nf6 8. exf5 Qe7+ 9. Qe2 Nc6 10. Qxe7+ Bxe7
11. Bb5 Bd7 12. Bxc6 Bxc6 13. Bxf4 O-O 14. Rh2 Nh5 15. Be3 g3 16. Rh3 Bxg2 17. O-O-O Rxf5
0-1